01573 2200421 4500001002100000005001500021035002000036007000300056008004100059020002200100040002200122082001600144084001800160090002200178090002100200100003400221245031800255250003500573300003000608650003000638700003000668700003500698700003600733700003600769700003700805700003600842700003500878700003200913700003000945700002900975850001201004041000801016264003201024336002101056337003001077338002301107990002101130INLIS00000000084648820190425015121 a0010-0419001347ta190425r2019 yoi g j ind d a978-602-6610-96-6 aYOPDYOGbinderda04223a808.301 a808.301 CHO c aDEP 808.301 CHO c aCB-D.11 2019-1901 aChopin, Kate,d1850-epenulis10aKumpulan cerpen pengarang perempuan dunia :bciuman sang buronan /cpenulis, Kate Chopin, Amy Tan, Alice Dunbar, Alice Munro, Doris Lessing, Edith Wharton, Isabel Allende, Jhumpa Lahiri, Ling Shu-hua, Tony Marrison, Sylvia Plath; penerjemah, Ade Kumalasari, Oni Suryaman, Siti Masruroh; editor, Landung Simatupang aCetakan pertama, Februari 2019 axvi, 321 halaman ;c21 cm 4aCerita pendek--xKumpulan1 aTan, Amy,d1952-epenulis1 aDunbar, Alice,d1875-epenulis1 aLessing, Doris,d1919-epenulis1 aWharton, Edith,d1862-epenulis1 aAllende, Isabel,d1942-epenulis1 aLahiri, Jhumpa,d1967-epenulis1 aShu-hua, Ling,d1900-epenulis1 aSimatupang, Landungeeditor0 aSiti Masrurohepenerjemah0 aOni Suryamanepenerjemah aYOPDYOG0 aind31aYogyakarta :bGading,c2019 2rdacontentateks 2rdamediaatanpa perantara 2rdacarrieravolume aCB-D.11/2019-190